000 00704cam a22002534a 4500
999 _c29297
_d29297
001 YPZ100061
003 YPZ
005 20230321121743.0
008 160520|###########||||||b||||||||||spa|d
020 _a9500000660
040 _cSIUNPA
_aSIUNPA
_bspa
_eAACR2
041 _aspa
044 _aag
080 _a372 A691c primer
110 _aArgentina. Ministerio de Cultura y Educación.
245 _aLos CBC en la escuela
_b: primer ciclo
250 _a1a. ed.
260 _aBuenos Aires
_b : Ministerio de Cultura y Educación de la Nación
_c , 1996
300 _a185 p. :
_bil.
650 _a CONTENIDOS BASICOS COMUNES
650 _a DISEÑO CURRICULAR
650 _a EGB
942 _cBK
_2udc